[Event "Sant Adria de Besos op 11th"]
[Site "Sant Adria de Besos"]
[Date "2015.05.17"]
[Round "4.11"]
[White "Andinach Carrasco, Javier"]
[Black "Talo Moya, Jordi"]
[Result "1-0"]
[WhiteElo "2095"]
[BlackElo "1794"]
[PlyCount "81"]
[EventDate "2015.04.12"]
[EventType "swiss"]
[EventRounds "9"]
[EventCountry "ESP"]
[SourceTitle "EXT 2024"]
[Source "ChessBase"]
[SourceDate "2023.10.10"]
[SourceVersion "1"]
[SourceVersionDate "2023.10.10"]
[SourceQuality "1"]

1. d4 d5 2. c4 c6 3. Nf3 Nf6 4. Bg5 e6 5. Nc3 Be7 6. e3 dxc4 7. Bxc4 Nd5 8. Bxe7 Qxe7 9. 0-0 0-0 10. Qc2 h6 11. e4 Nf6 12. e5 Nd5 13. Ne4 b5 14. Bb3 f5 15. exf6 Nxf6 16. Nc5 Nd5 17. Ne5 Rf6 18. Ne4 Rf8 19. Ng6 Qe8 20. Nd6 Qd7 21. Nxf8 Qxd6 22. Ng6 Nd7 23. f4 Ne3 24. Qe4 Nd5 25. Ne5 N7f6 26. Qg6 Ne7 27. Qf7+ Kh7 28. Bc2+ Nf5 29. Kh1 Bd7 30. Qg6+ Kg8 31. Bxf5 exf5 32. Rae1 Rf8 33. Nxd7 Qxd7 34. Re5 Qxd4 35. Re7 Ne4 36. Qe6+ Kh7 37. Qe5 Nf2+ 38. Rxf2 Qd1+ 39. Qe1 Rd8 40. h3 Qh5 41. Rd2 1-0

[Event "Mataro Maresme op 6th"]
[Site "Mataro"]
[Date "2013.05.11"]
[Round "7.3"]
[White "Santos Ramos, Carlos"]
[Black "Andinach Carrasco, Javier"]
[Result "0-1"]
[WhiteElo "2036"]
[BlackElo "2075"]
[PlyCount "142"]
[EventDate "2013.04.06"]
[EventType "swiss"]
[EventRounds "9"]
[EventCountry "ESP"]
[SourceTitle "EXT 2024"]
[Source "ChessBase"]
[SourceDate "2023.10.10"]
[SourceVersion "1"]
[SourceVersionDate "2023.10.10"]
[SourceQuality "1"]

1. d4 f5 2. Nc3 Nf6 3. Bg5 h6 4. Bxf6 exf6 5. e4 h5 6. exf5 d5 7. Be2 Bxf5 8. Bxh5+ g6 9. Bf3 c6 10. Nge2 Nd7 11. Ng3 Qe7+ 12. Nce2 Qb4+ 13. c3 Qxb2 14. Nxf5 gxf5 15. Rb1 Qa3 16. Rxb7 0-0-0 17. Qb1 Re8 18. 0-0 Bd6 19. Ng3 Qxc3 20. Rc1 Qxc1+ 21. Qxc1 Kxb7 22. h3 f4 23. Nf5 Bc7 24. Qa3 Re6 25. Kh2 Nb6 26. Qb4 a5 27. Qxa5 Ra8 28. Qd2 Ra4 29. h4 Nc4 30. Qc2 Ra3 31. Kh3 Re1 32. h5 Rh1+ 33. Kg4 Ra8 34. Nh4 Rg8+ 35. Ng6 Nd6 36. Kxf4 Nb5+ 37. Ke3 Ra8 38. Qb2 Ra3+ 39. Ke2 Ba5 40. Qxa3 Nxa3 41. g3 Re1+ 42. Kd3 Nc4 43. h6 Nd6 44. h7 Nf7 45. h8Q Nxh8 46. Nxh8 Ra1 47. Bg4 Rxa2 48. Ke3 Ra3+ 49. Kf4 Bb6 50. Nf7 Bxd4 51. f3 Kc7 52. Bf5 Be3+ 53. Kg4 d4 54. Be4 d3 55. Kf5 d2 56. Bc2 Bd4 57. Kf4 Ra1 58. g4 d1Q 59. Bxd1 Rxd1 60. g5 fxg5+ 61. Nxg5 c5 62. Ke4 Kc6 63. f4 Kb5 64. f5 Re1+ 65. Kf3 Rf1+ 66. Ke4 Re1+ 67. Kf3 c4 68. Ne6 Rxe6 69. fxe6 Bf6 70. Ke4 Kb4 71. Kf5 Be7 0-1

[Event "Maresme op 9th"]
[Site "Maresme"]
[Date "2012.11.17"]
[Round "8"]
[White "Andinach Carrasco, Javier"]
[Black "Vizcaino Marin, Jose Luis"]
[Result "1-0"]
[WhiteElo "2029"]
[BlackElo "2071"]
[PlyCount "111"]
[EventDate "2012.09.29"]
[EventType "swiss"]
[EventRounds "9"]
[EventCountry "ESP"]
[SourceTitle "EXT 2014"]
[Source "ChessBase"]
[SourceDate "2013.11.20"]
[SourceVersion "1"]
[SourceVersionDate "2013.11.20"]
[SourceQuality "1"]

1. d4 d5 2. e3 Nf6 3. Bd3 e6 4. f4 c5 5. c3 Nc6 6. Nf3 Qb6 7. 0-0 Bd7 8. Nbd2 Rc8 9. Ne5 cxd4 10. cxd4 Nb4 11. Nxd7 Nxd7 12. Bb1 Qc7 13. Qa4 a6 14. Qb3 b5 15. a3 Nc6 16. f5 Na5 17. Qd1 Nf6 18. fxe6 fxe6 19. Nf3 Bd6 20. Ng5 Qe7 21. e4 dxe4 22. Nxe4 0-0 23. Bg5 h6 24. Nxf6+ gxf6 25. Bxh6 f5 26. Bxf8 Rxf8 27. Ba2 Nc4 28. Bxc4 bxc4 29. Qe2 Rf6 30. Qxc4 Rh6 31. h3 Qg5 32. Rf3 Rg6 33. Qe2 Qh4 34. Rd1 Qg5 35. b4 Kh7 36. Qd2 Qh5 37. Rdf1 Qh4 38. a4 Rg3 39. Rxg3 Qxg3 40. Rf3 Qh4 41. b5 axb5 42. axb5 Qe4 43. Rb3 Bf4 44. Qd1 Be3+ 45. Kh1 Bxd4 46. b6 Qf4 47. b7 Be5 48. g3 Qe4+ 49. Qf3 Qe1+ 50. Kh2 Bb8 51. Rb2 Qc1 52. Qb3 Qe1 53. Rc2 Ba7 54. Rg2 Bb8 55. Qb5 Qe5 56. Qxe5 1-0

[Event "Maresme op 8th"]
[Site "Maresme"]
[Date "2011.10.29"]
[Round "6"]
[White "Andinach Carrasco, Javier"]
[Black "Franch Guiral, Ramon"]
[Result "0-1"]
[WhiteElo "1882"]
[BlackElo "1970"]
[PlyCount "88"]
[EventDate "2011.09.24"]
[EventType "swiss"]
[EventRounds "9"]
[EventCountry "ESP"]
[SourceTitle "EXT 2013"]
[Source "ChessBase"]
[SourceDate "2012.11.22"]
[SourceVersion "1"]
[SourceVersionDate "2012.11.22"]
[SourceQuality "1"]

1. e4 e5 2. Nf3 d6 3. Bc4 Be7 4. 0-0 Nf6 5. d3 c6 6. Bg5 Nbd7 7. Nbd2 b5 8. Bb3 Nc5 9. Qe2 0-0 10. h3 a5 11. c3 Nxb3 12. axb3 Re8 13. b4 Bd7 14. bxa5 Rxa5 15. b4 Ra8 16. Nb3 Qc7 17. Na5 d5 18. Rfd1 d4 19. Bxf6 gxf6 20. cxd4 Bxb4 21. dxe5 Rxa5 22. exf6 Rxa1 23. Rxa1 Bc3 24. Qe3 Bxf6 25. Ra7 Qd8 26. e5 Bg7 27. Qf4 Be6 28. Nd4 Qd5 29. Nxe6 Qxe6 30. d4 Qc4 31. Rd7 Bxe5 32. Qg5+ Bg7 33. d5 cxd5 34. Rd8 Qe4 35. f3 Qe1+ 36. Kh2 h6 37. Rxe8+ Qxe8 38. Qg4 Qe6 39. Qg3 f5 40. Qb8+ Kh7 41. f4 Qd7 42. Qb6 d4 43. Qc5 d3 44. g4 d2 0-1

[Event "Maresme op 8th"]
[Site "Maresme"]
[Date "2011.10.22"]
[Round "5"]
[White "Andinach Carrasco, Javier"]
[Black "Ten Gomez, Sergi"]
[Result "1-0"]
[WhiteElo "1882"]
[BlackElo "1845"]
[PlyCount "79"]
[EventDate "2011.09.24"]
[EventType "swiss"]
[EventRounds "9"]
[EventCountry "ESP"]
[SourceTitle "EXT 2013"]
[Source "ChessBase"]
[SourceDate "2012.11.22"]
[SourceVersion "1"]
[SourceVersionDate "2012.11.22"]
[SourceQuality "1"]

1. e4 e6 2. d4 d5 3. exd5 exd5 4. Bd3 Nc6 5. c3 Be6 6. Nf3 Bd6 7. 0-0 Nge7 8. Bg5 f6 9. Bh4 Qd7 10. Nbd2 h5 11. Qc2 0-0-0 12. b4 g5 13. b5 gxh4 14. bxc6 Nxc6 15. Rab1 Rdg8 16. Nxh4 Rg4 17. g3 Rxh4 18. gxh4 Bh3 19. Kh1 Bxf1 20. Bf5 Bh3 21. Bxd7+ Bxd7 22. Qb2 b6 23. c4 Re8 24. c5 Bf4 25. Nf3 Bg4 26. Ng1 Bf5 27. Rd1 Na5 28. Qb5 Re7 29. cxb6 axb6 30. f3 Nc4 31. Qxd5 Ne3 32. Qa8+ Kd7 33. Qa4+ Kc8 34. Re1 Kb7 35. d5 Bd6 36. Qc6+ Kb8 37. a4 Bd3 38. a5 Bf1 39. Rxf1 Nxf1 40. a6 1-0